Statistics for UK Airports

Click here to take the quiz!

General Stats

  • This quiz has been taken 206 times
  • The average score is 21 of 32

Answer Stats

Answer% Correct
Heathrow
99%
Isle Of Man
96%
Edinburgh
93%
Gatwick
93%
Manchester
93%
Glasgow
92%
Liverpool
91%
Luton
90%
Birmingham
89%
Newcastle
85%
Cardiff
84%
Stansted
84%
Aberdeen
79%
Belfast
79%
Bristol
78%
Leeds
78%
Southampton
77%
London City
76%
East Midlands
67%
Inverness
63%
Exeter
61%
Southend
59%
Norwich
56%
Bournemouth
49%
Jersey
41%
Guernsey
40%
Newquay
38%
Prestwick
31%
Hull
27%
Cambridge
25%
Belfast City
21%
Middlesborough
4%

Score Distribution

Percentile by Number Answered

Percent of People with Each Score

Your Score History

You have not taken this quiz